000 00852cam a2200265 i 4500
001 000012020
003 DO-SdBNP
005 20230510101714.0
007 ta
008 910204s1959 ag r 000 0 spa
040 _aDO-SdBNP
_bspa
_cBNPHU
_erda
082 4 _a830.9
_bR855a
_222
100 1 _aRougemont, Denis de,
_d1906-1985.
_928428
240 1 0 _aL'amour et l'occident
_lEspañol
245 1 3 _aEl amor y occidente /
_cDenis de Rougemont ; traducción, Roberto E. Bixio.
264 _aBuenos Aires :
_bSur,
_c1959.
300 _a352 páginas ;
_c22 cm.
336 _2rdacontent
_atexto
_btxt
337 _2rdamedia
_asin mediación
_bn
338 _2rdacarrier
_avolumen
_bnc
590 _aInventariado, 2022/BT
650 4 _aLiteratura suiza
_xCrítica e historia
_928429
700 1 _aBixio, Roberto E.,
_etraducción
_928430
942 _2ddc
_cLBS1
999 _c11688
_d11688